000 00529nam a2200217Ia 4500
003 OSt
005 20220924151543.0
006 a|||||r|||| 00| 0
007 ta
008 220923b |||||||| |||| 00| 0 ara d
024 _a338187
037 _cTextual
040 _aARTS
_cARTS
_bara
041 _2ara
_aara
082 _aO28,3v46, J6
245 0 _aAnnashtarul saqafiatul Misria
260 _c1956
650 _aARABIC FICTION
_964594
942 _hO28,3v46, J6
_cTEXL
_2CC
999 _c466967
_d466967